000 00844nas a2200241 4500
001 BR7306688
003 BR-BrBNA
005 20231205082619.0
007 ta
008 230509b bl.|||p| |||| 00| 00por d
040 _aBR-BrBNA
_bpor
_cBiblioteca Nacional de Agricultura
041 _a(Pt)
072 _aF22
100 1 _aFerreira, M.E.T.
111 1 _aEncontro Regional da Sociedade Brasileira para o Progresso da Ciencia
_cJaboticabal, SP (Brazil)
_d6 May 1974
245 1 _aEstudos sobre a fracao areia de um latossol vermelho amarelo - fase arenosa
_bNota previa
650 _aQUIMICA DO SOLO
650 _aFISICA DO SOLO
650 _aLATOSSOLO VERMELHO AMARELO
773 0 _tCiencia e Cultura (Brazil)
_xISSN 0009-6725
_g(Oct 1975), v. 27(10) p. 1145
_wBR7306688
909 _a202311
_bLúcia
_c55
_dLúcia Elande
942 _2AGRIS
_n0
_cANA
999 _c93243
_d93243